• 首页
  • 本馆介绍
  • 公告通知
  • 最新文献
  • 馆藏检索
  • 电子资源
  • 读者导购
  • 参考咨询
  • 我的图书馆
  • 登录
  • 详细信息显示
  • 放入我的书架
  • 预约/预借图书
  • 作者相关作品
  • 分类相关作品
  • 丛书相关作品
  • 出版社相关作品

书目信息

  • 表格格式
  • 工作单格式
  • 卡片格式
题名:
海水淡化技术与工程手册
    
 
作者: 高从堦 , 陈国华 主编
分册:  
出版信息: 北京   化学工业出版社  2004
页数: 476页
开本: 26cm
丛书名:
单 册:
中图分类: P747-62
科图分类:
主题词: 海水淡化--手册 , 海水淡化
电子资源:
ISBN: 7-5025-5206-5
000 00842nam0 2200253 450
001 002658588
005 20080225095303.37
010    @a7-5025-5206-5@b精装@dCNY85.00
100    @a20040607d2004 em y0chiy0110 ea
101 0  @achi
102    @aCN@b110000
105    @ay z 000yy
106    @ar
200 1  @a海水淡化技术与工程手册@Ahai shui dan hua ji shu yu gong cheng shou ce@f高从堦,陈国华主编
210    @a北京@c化学工业出版社@d2004
215    @a476页@d26cm
330    @a本书全面介绍了各种现代淡化技术与工程,涉及热法、膜法、利用核能、太阳能、风能等的海水淡化技术与工程,及各种水质标准和水质检测方法。
606 0  @a海水淡化@j手册
606 0  @a海水淡化
690    @aP747-62@v4
701  0 @a高从堦@Agao cong jie@4主编
701  0 @a陈国华@Achen guo hua@c(化学教授)@4主编
801  0 @aCN@bNLC@c20080225
905    @dP747-62@e51@f4
    
    海水淡化技术与工程手册/高从堦,陈国华主编.-北京:化学工业出版社,2004
    476页;26cm
    
    
    ISBN 7-5025-5206-5(精装):CNY85.00
    本书全面介绍了各种现代淡化技术与工程,涉及热法、膜法、利用核能、太阳能、风能等的海水淡化技术与工程,及各种水质标准和水质检测方法。
●
相关链接 在E读中查询图书 在五车中查询图书 在当当中查询图书 在豆瓣中查询图书


正题名:海水淡化技术与工程手册     索取号:P747-62/51         预约/预借

序号 登录号 条形码 馆藏地/架位号 状态 备注
1 0614906   206149069   第二样本阅览室/ [索取号:P747-62/51] 在馆    
2 0614907   206149078   第三借阅区/ [索取号:P747-62/51] 在馆    
3 0614908   206149087   第三借阅区/ [索取号:P747-62/51] 在馆    
4 0614909   206149096   第三借阅区/ [索取号:P747-62/51] 在馆    
唐山师范学院图书馆 欢迎您!
大连网信软件有限公司© 版权所有